000 01263nac a22002771u 4500
008 100414t xxu||||| |||| 00| 0 eng d
010 _a 2007060099
020 _a9780132304610
020 _a0132304619 :
020 _a9780132234276 :
020 _a0132234270 :
082 0 0 _a025.04
_bLAU
_222
100 _aLaudon, Kenneth C.,
_913499
245 1 0 _aManagement Information Systems :
_bManaging the Digital Firm /
_cKenneth C. Laudon, Jane P. Laudon.
250 _a10th ed.
260 _aUpper Saddle River, N.J. :
_bPearson/Prentice Hall,2007.
_cc2007.
300 _axxxiv, 117 p. :
_bcol. ill. ;
_c29 cm. +
_e1 CD-ROM (4 3/4 in.)
500 _aDistributer: Al-Ahram
504 _aIncludes bibliographical references and index.
511 _aCatalogued by: Sara
650 0 _aManagement information systems.
_913500
700 1 _aLaudon, Jane Price.
_913501
942 _cBB
_k658.4038011LAU
_2ddc
999 _c8411
_d8411